Statistics for Countries with embassies and consulates in Guangzhou

Click here to take the quiz!

General Stats

  • This quiz has been taken 62 times
  • The average score is 41 of 51

Answer Stats

ContinentCountry% Correct
OceaniaAustralia
98%
South AmericaBrazil
98%
North AmericaCanada
98%
EuropeUnited Kingdom
98%
North AmericaUnited States of America
98%
EuropeGermany
95%
Asia/ EuropeRussia
95%
South AmericaArgentina
93%
EuropeBelgium
93%
South AmericaColombia
93%
EuropeFrance
93%
EuropeItaly
93%
South AmericaChile
91%
AsiaIndia
91%
AsiaJapan
91%
AsiaLaos
91%
AsiaSouth Korea
91%
EuropeSpain
91%
Asia/ EuropeTurkey
91%
AsiaIndonesia
89%
AsiaMalaysia
89%
OceaniaNew Zealand
89%
AfricaNigeria
89%
South AmericaPeru
89%
Europethe Netherlands
89%
EuropeAustria
86%
AsiaCambodia
86%
AsiaIran
86%
AsiaSingapore
86%
AsiaThailand
86%
AsiaVietnam
86%
North AmericaCuba
82%
EuropeDenmark
82%
EuropeNorway
82%
AsiaPakistan
82%
EuropeUkraine
82%
South AmericaEcuador
80%
AfricaEthiopia
80%
EuropeGreece
77%
EuropePoland
77%
Asiathe Philippines
77%
EuropeSwitzerland
75%
AsiaIsrael
73%
AfricaMorocco
64%
AsiaSri Lanka
59%
AfricaUganda
57%
AsiaKuwait
48%
AfricaMali
45%
AsiaKyrgyzstan
34%
AfricaIvory Coast
25%
Africarepublic of the Congo
7%

Score Distribution

Percentile by Number Answered

Percent of People with Each Score

Your Score History

You have not taken this quiz